<?xml version="1.0" encoding="UTF-8"?>
<record
    xmlns:xsi="http://www.w3.org/2001/XMLSchema-instance"
    xsi:schemaLocation="http://www.loc.gov/MARC21/slim http://www.loc.gov/standards/marcxml/schema/MARC21slim.xsd"
    xmlns="http://www.loc.gov/MARC21/slim">

  <leader>01202    a2200205   4500</leader>
  <controlfield tag="003">Nust</controlfield>
  <controlfield tag="005">20220802101117.0</controlfield>
  <datafield tag="010" ind1=" " ind2=" ">
    <subfield code="a">   88025944</subfield>
  </datafield>
  <datafield tag="020" ind1=" " ind2=" ">
    <subfield code="a">0070654468 :</subfield>
  </datafield>
  <datafield tag="040" ind1=" " ind2=" ">
    <subfield code="c">Nust</subfield>
  </datafield>
  <datafield tag="082" ind1="0" ind2="0">
    <subfield code="a">620.0042,TUM</subfield>
  </datafield>
  <datafield tag="100" ind1="1" ind2=" ">
    <subfield code="a">Tuma, Jan J.</subfield>
    <subfield code="9">3085</subfield>
  </datafield>
  <datafield tag="245" ind1="1" ind2="0">
    <subfield code="a">Handbook of numerical calculations in engineering :</subfield>
    <subfield code="b">definitions, theorems, computer models, numerical examples, tables of formulas, tables of functions /</subfield>
    <subfield code="c">Jan J. Tuma.</subfield>
  </datafield>
  <datafield tag="260" ind1=" " ind2=" ">
    <subfield code="a">New York :</subfield>
    <subfield code="b">McGraw-Hill,</subfield>
    <subfield code="c">c1989.</subfield>
  </datafield>
  <datafield tag="300" ind1=" " ind2=" ">
    <subfield code="a">x, 406 p. :</subfield>
    <subfield code="b">ill. ;</subfield>
    <subfield code="c">26 cm.</subfield>
  </datafield>
  <datafield tag="505" ind1=" " ind2=" ">
    <subfield code="a">Numerical Calculations (Page-1), Numerical Constants (Page-9), Numerical Differences (Page-45), Numerical Integrals (Page-67), Series and Products of Constants (Page-85), Algebra and Transcendental Equations (Page-119), Matrix Equations (Page-143), Eigenvalue Equations (Page-157), Series of Functions (Page-169), Special Functions (Page-195), Orthogonal Polynomials (Page-215), Least-Squares Approximations (Page-249), Laplace transforms (Page-267), Ordinary Differential Equations (Page-283).</subfield>
  </datafield>
  <datafield tag="650" ind1=" " ind2="0">
    <subfield code="a">Engineering mathematics</subfield>
    <subfield code="x">Handbooks, manuals, etc.</subfield>
    <subfield code="9">3086</subfield>
  </datafield>
  <datafield tag="650" ind1=" " ind2="0">
    <subfield code="a">Numerical calculations</subfield>
    <subfield code="x">Handbooks, manuals, etc.</subfield>
    <subfield code="9">3087</subfield>
  </datafield>
  <datafield tag="942" ind1=" " ind2=" ">
    <subfield code="c">REF</subfield>
    <subfield code="2">ddc</subfield>
  </datafield>
  <datafield tag="999" ind1=" " ind2=" ">
    <subfield code="c">175454</subfield>
    <subfield code="d">175454</subfield>
  </datafield>
  <datafield tag="952" ind1=" " ind2=" ">
    <subfield code="0">0</subfield>
    <subfield code="1">0</subfield>
    <subfield code="2">ddc</subfield>
    <subfield code="4">0</subfield>
    <subfield code="7">0</subfield>
    <subfield code="a">MCS</subfield>
    <subfield code="b">MCS</subfield>
    <subfield code="c">REF</subfield>
    <subfield code="d">2016-12-12</subfield>
    <subfield code="o">620.0042,TUM</subfield>
    <subfield code="p">MCS27140</subfield>
    <subfield code="r">2016-12-08</subfield>
    <subfield code="w">2016-12-12</subfield>
    <subfield code="y">REF</subfield>
    <subfield code="z">Almirah No.20, Shelf No.1</subfield>
  </datafield>
</record>
